Breakthrough to math : (Record no. 102400)
[ view plain ]
| 000 -LEADER | |
|---|---|
| fixed length control field | 00487nam a2200157 a 4500 |
| 005 - DATE AND TIME OF LATEST TRANSACTION | |
| control field | 20140412111235.0 |
| 008 - FIXED-LENGTH DATA ELEMENTS--GENERAL INFORMATION | |
| fixed length control field | 001115s19uu xx 00 eng d |
| 020 ## - INTERNATIONAL STANDARD BOOK NUMBER | |
| International Standard Book Number | 0-88336-807-2 |
| 050 ## - LIBRARY OF CONGRESS CALL NUMBER | |
| Classification number | TR(GS 510.7 |
| Item number | Irw9 1984 |
| 100 ## - MAIN ENTRY--PERSONAL NAME | |
| Personal name | Irwon, Stephanie |
| 245 ## - TITLE STATEMENT | |
| Title | Breakthrough to math : |
| Remainder of title | teacher's guide for level one / |
| Statement of responsibility, etc | Stephanie Irwin. |
| 260 ## - PUBLICATION, DISTRIBUTION, ETC. (IMPRINT) | |
| Place of publication, distribution, etc | Syracuse : |
| Name of publisher, distributor, etc | New Reader's Press, |
| Date of publication, distribution, etc | 1984. |
| 300 ## - PHYSICAL DESCRIPTION | |
| Extent | 38 p. ; ill. |
| 650 ## - SUBJECT ADDED ENTRY--TOPICAL TERM | |
| Topical term or geographic name as entry element | Mathematics -- study and teaching |
| Withdrawn status | Lost status | Damaged status | Home library | Current library | Shelving location | Date acquired | Source of acquisition | Total Checkouts | Full call number | Barcode | Date last seen | Price effective from | Koha item type |
|---|---|---|---|---|---|---|---|---|---|---|---|---|---|
| Elizalde Library | Elizalde Library | Teachers Reference Section | 11/15/2000 | TR(GS 510.7 Irw9 1984 | E1610 | 04/12/2014 | 04/12/2014 | Books |